| 000 | 01222nam a2200217Ia 4500 | ||
|---|---|---|---|
| 999 |
_c39627 _d39627 |
||
| 001 | 6227 | ||
| 003 | GE_BSU | ||
| 005 | 20190628211731.0 | ||
| 008 | 181216s1979||||ge |||||||||||||| ||geo|| | ||
| 041 | _ageo | ||
| 080 | _a621.314.2 ვ-28 | ||
| 100 |
_aვეზირიშვილი,ო. _93119 |
||
| 245 |
_aსითბოს სატრანსფორმაციო და მაცივარი დანადგარების თბური გაანგარიშების მეთოდიკა / _cო. ვეზირიშვილი ; ი. ჟორჟოლიანი ; რედ : ე.კირვალიძე. |
||
| 264 |
_aთბილისი : _bსპი, _c1979. |
||
| 300 |
_a72 გვ.: _c20 სმ. |
||
| 504 | _aდანართი.ბიბლიოგრ.:გვ.71 | ||
| 653 | _aსითბოს სატრანსფორმაციო და მაცივარი დანადგარების თბური გაანგარიშების მეთოდიკა | ||
| 700 |
_aჟორჟოლიანი, ი. _93120 |
||
| 700 |
_aკირვალიძე, ე _eრედაქტორი _93121 |
||
| 942 |
_cBK _2udc |
||